Losowe tablice rejestracyjne do powiatu - Statystyki

Ogólne statystyki
  • Ten quiz został rozwiązany 112 razy
  • Średni wynik to 10 z 20
Statystyki odpowiedzi
Tablica rejestracyjna Powiat % Poprawnych
FZ miasto {Zielona Góra}
100%
KR miasto {Kraków}
93%
LBI bialski
89%
SJ miasto {Jaworzno}
86%
RK miasto {Krosno}
82%
WS miasto {Siedlce}
80%
GSP miasto {Sopot}
80%
KNS nowosądecki
80%
DL miasto {Legnica}
79%
OKL kluczborski
71%
EPA pabianicki
71%
GWE wejherowski
71%
FZI zielonogórski
71%
EP miasto {Piotrków Trybunalski}
70%
NEL ełcki
69%
SK miasto {Katowice}
69%
WR miasto {Radom}
67%
KNT nowotarski
67%
POB obornicki
67%
OPO opolski
67%
EPI piotrkowski
67%
CGD golubsko-dobrzyński
64%
CAL aleksandrowski
63%
NBA bartoszycki
60%
TK miasto {Kielce}
60%
WGR grójecki
58%
DLE legnicki
58%
ZSW miasto {Świnoujście}
58%
EPJ pajęczański
58%
ZPL policki
57%
ZPY pyrzycki
57%
LB miasto {Biała Podlaska}
56%
BSE sejneński
56%
GKA kartuski
55%
SJZ miasto {Jastrzębie-Zdrój}
55%
KOL olkuski
55%
OK kedzięrzyńsko-kozielski
54%
BAU augustowski
50%
PGN gnieźnieński
50%
RKR krośnieński
50%
RLE leżajski
50%
ZLO łobeski
50%
DLU lubiński
50%
DLW lwówecki
50%
CNA nakielski
50%
TPI pińczowski
50%
OPR prudnicki
50%
TSK skarżyski
50%
SZA zawierciański
50%
CCH chełmiński
47%
CRA radziejowski
47%
FZA żarski
47%
NOE olecki
45%
PGS gostyński
44%
PGO grodziski
44%
RKL kolbuszowski
44%
LLE łęczyński
44%
GKS kościerski
43%
POS ostrowski
42%
FSW świebodziński
42%
DLB lubański
41%
EPD poddębicki
41%
TOS ostrowiecki
40%
RLA łańcucki
38%
NEB elbląski
36%
WGS gostyniński
36%
WGM grodziski
36%
OKR krapkowicki
36%
TOP opatowski
36%
BSK sokólski
36%
GKW kwidzyński
33%
RLS leski
33%
LLU łukowski
33%
SL miasto {Ruda Śląska}
33%
KOS oświęcimski
33%
FZG żagański
33%
TSZ staszowski
31%
FSU sulęciński
31%
RLU lubaczowski
29%
POT ostrzeszowski
29%
TST starachowicki
28%
NBR braniewski
27%
LPA parczewski
25%
WG garwoliński
22%
BSI siematycki
0%
Nie znaleziono quizów pasujących do podanych kryteriów
Rozkład punktacji
Procent ludzi z każdym wynikiem
Percentyl według liczby udzielonych odpowiedzi
Twoja historia wyników
Nie rozwiązałeś tego quizu